[Event "GER-ch 2012-G-F serv"]
[Site "GER email"]
[Date "2014.07.08"]
[Round "?"]
[White "Schueler, Wolfgang"]
[Black "Grube, Andreas"]
[Result "1/2-1/2"]
[WhiteElo "2174"]
[BlackElo "2124"]
[PlyCount "31"]
[EventDate "2014.07.10"]
[EventType "tourn (corr)"]
[EventRounds "10"]
[EventCountry "GER"]
[SourceTitle "Corr 2015"]
[Source "ChessBase"]
[SourceDate "2015.07.17"]
[SourceVersion "1"]
[SourceVersionDate "2015.07.17"]
[SourceQuality "1"]

1. e4 c5 2. Nc3 d6 3. Nge2 a6 4. d4 cxd4 5. Nxd4 Nf6 6. Be2 e5 7. Nb3 Be7 8. 0-0 Be6 9. Qd3 0-0 10. Rd1 Nbd7 11. Nd5 Rc8 12. Nxe7+ Qxe7 13. Qxd6 Qxd6 14. Rxd6 Nxe4 15. Rd1 Rfe8 16. c3 1/2-1/2

[Event "GER-ch 2012-G-F serv"]
[Site "GER email"]
[Date "2014.07.08"]
[Round "?"]
[White "Schueler, Wolfgang"]
[Black "Schultheiss, Klaus"]
[Result "1/2-1/2"]
[WhiteElo "2174"]
[BlackElo "2068"]
[PlyCount "45"]
[EventDate "2014.07.10"]
[EventType "tourn (corr)"]
[EventRounds "10"]
[EventCountry "GER"]
[SourceTitle "Corr 2015"]
[Source "ChessBase"]
[SourceDate "2015.07.17"]
[SourceVersion "1"]
[SourceVersionDate "2015.07.17"]
[SourceQuality "1"]

1. e4 e5 2. Nf3 Nc6 3. Bb5 a6 4. Ba4 Nf6 5. 0-0 Be7 6. Re1 b5 7. Bb3 0-0 8. c3 d6 9. h3 Bb7 10. d4 Re8 11. Nbd2 Bf8 12. Bc2 h6 13. Bb1 d5 14. dxe5 Nxe5 15. Nxe5 Rxe5 16. Nf3 Re8 17. e5 Ne4 18. Be3 c5 19. Qe2 f5 20. a4 bxa4 21. Bc2 Re6 22. Rxa4 Qc7 23. Bd3 1/2-1/2

[Event "GER-ch 2012-D-F serv"]
[Site "GER email"]
[Date "2014.01.14"]
[Round "?"]
[White "Zill, Eberhard"]
[Black "Schueler, Wolfgang"]
[Result "1/2-1/2"]
[WhiteElo "2145"]
[BlackElo "2174"]
[PlyCount "76"]
[EventDate "2014.02.01"]
[EventType "tourn (corr)"]
[EventRounds "6"]
[EventCountry "GER"]
[SourceTitle "Corr 2015"]
[Source "ChessBase"]
[SourceDate "2015.07.17"]
[SourceVersion "1"]
[SourceVersionDate "2015.07.17"]
[SourceQuality "1"]

1. d4 d5 2. c4 e6 3. Nc3 Nf6 4. Nf3 c6 5. e3 Nbd7 6. Qc2 Bd6 7. Bd3 dxc4 8. Bxc4 0-0 9. 0-0 Qe7 10. h3 b5 11. Be2 b4 12. Na4 c5 13. Rd1 Bb7 14. dxc5 Bxc5 15. Nxc5 Nxc5 16. Ne5 Rfc8 17. f3 Ncd7 18. Nc4 a5 19. b3 Bd5 20. Qb2 Bxc4 21. Bxc4 Nb6 22. Bf1 Nbd5 23. a3 Nc3 24. Rd3 e5 25. e4 Nh5 26. Kh2 Qh4 27. Be3 Qg3+ 28. Kh1 Nf4 29. Bxf4 Qxf4 30. Rd7 f6 31. Qc2 Qe3 32. Bc4+ Kh8 33. Rd3 Qf4 34. Qd2 Qxd2 35. Rxd2 h5 36. axb4 axb4 37. Rxa8 Rxa8 38. h4 Kh7 1/2-1/2

[Event "GER-chT10 LJ-22 Br04 email"]
[Site "GER email"]
[Date "2013.10.04"]
[Round "?"]
[White "Langer, Michael S"]
[Black "Schueler, Wolfgang"]
[Result "1/2-1/2"]
[WhiteElo "2155"]
[BlackElo "2174"]
[PlyCount "34"]
[EventDate "2013.10.15"]
[EventType "tourn (corr)"]
[EventRounds "8"]
[EventCountry "GER"]
[SourceTitle "Corr 2015"]
[Source "ChessBase"]
[SourceDate "2015.07.17"]
[SourceVersion "1"]
[SourceVersionDate "2015.07.17"]
[SourceQuality "1"]

1. c4 e5 2. g3 Nf6 3. Bg2 d6 4. Nc3 Be7 5. e4 0-0 6. Nge2 c6 7. d4 a6 8. 0-0 Nbd7 9. a4 a5 10. h3 Nb8 11. Be3 Na6 12. Qd2 Qc7 13. Rad1 Nd7 14. b3 Re8 15. Qb2 exd4 16. Bxd4 Bf8 17. Rd2 Nac5 1/2-1/2

[Event "GER-chT10 LJ-22 Br04 email"]
[Site "GER email"]
[Date "2013.10.04"]
[Round "?"]
[White "Schmitz, Andre"]
[Black "Schueler, Wolfgang"]
[Result "1/2-1/2"]
[WhiteElo "2074"]
[BlackElo "2174"]
[PlyCount "106"]
[EventDate "2013.10.15"]
[EventType "tourn (corr)"]
[EventRounds "8"]
[EventCountry "GER"]
[SourceTitle "Corr 2015"]
[Source "ChessBase"]
[SourceDate "2015.07.17"]
[SourceVersion "1"]
[SourceVersionDate "2015.07.17"]
[SourceQuality "1"]

1. e4 e5 2. Nf3 Nc6 3. Bb5 a6 4. Ba4 Nf6 5. 0-0 Be7 6. Re1 b5 7. Bb3 d6 8. a4 Bg4 9. c3 0-0 10. h3 Bh5 11. d3 h6 12. Nbd2 b4 13. a5 bxc3 14. bxc3 Na7 15. d4 Nd7 16. dxe5 Nxe5 17. Qc2 Nb5 18. Nxe5 dxe5 19. Nc4 Bf6 20. Na3 Nd6 21. Bd5 Rb8 22. Qd3 Qc8 23. Be3 Rd8 24. Ba7 Rb2 25. Nc4 Nxc4 26. Qxc4 Bg5 27. Rab1 Be2 28. Bxf7+ Kh7 29. Qc5 Rxb1 30. Rxb1 Qd7 31. Bd5 Bf4 32. Re1 Bh5 33. Rf1 Bf7 34. c4 Bh5 35. f3 Bf7 36. Ra1 Be6 37. Qf2 c6 38. Bb6 cxd5 39. cxd5 Bf7 40. Bxd8 Qxd8 41. g3 Bg5 42. h4 Be7 43. Kg2 Be8 44. Qc2 Bd6 45. Qc3 Qb8 46. Ra2 Qb1 47. Qc2 Qb8 48. Qc3 Qb1 49. Rf2 h5 50. Kh2 Qb5 51. Kg2 Bd7 52. Ra2 Qb1 53. Rf2 Qb5 1/2-1/2

[Event "GER-chT10 LJ-22 Br04 email"]
[Site "GER email"]
[Date "2013.10.04"]
[Round "?"]
[White "Schueler, Wolfgang"]
[Black "Peters, Andreas"]
[Result "1-0"]
[WhiteElo "2174"]
[BlackElo "2035"]
[PlyCount "135"]
[EventDate "2013.10.15"]
[EventType "tourn (corr)"]
[EventRounds "8"]
[EventCountry "GER"]
[SourceTitle "Corr 2015"]
[Source "ChessBase"]
[SourceDate "2015.07.17"]
[SourceVersion "1"]
[SourceVersionDate "2015.07.17"]
[SourceQuality "1"]

1. e4 e5 2. Nf3 Nc6 3. Bb5 a6 4. Ba4 Nf6 5. 0-0 b5 6. Bb3 Bb7 7. Re1 Bc5 8. c3 d6 9. d4 Bb6 10. Be3 0-0 11. d5 Ne7 12. Bxb6 cxb6 13. Nbd2 Nd7 14. Nf1 h6 15. Bc2 Ng6 16. g3 Rc8 17. Ne3 Qc7 18. a4 bxa4 19. Bxa4 b5 20. Bc2 Rfd8 21. Qe2 Nf6 22. Nd2 Qb6 23. c4 Rb8 24. Rec1 Bc8 25. Bd3 Bd7 26. Ra2 Ne7 27. Rca1 Bc8 28. b4 Qd4 29. Ra5 bxc4 30. Ndxc4 Bg4 31. Nxg4 Nxg4 32. Rd1 f5 33. exf5 Nf6 34. Qe1 Nxf5 35. Rxa6 Qg4 36. Be2 Qg6 37. b5 e4 38. Na5 Re8 39. Nc6 Rb7 40. Rda1 Kh7 41. Ra8 Rxa8 42. Rxa8 Nxd5 43. Qd2 Nb6 44. Rf8 Nd7 45. Rd8 Nf6 46. Nd4 Rf7 47. Qc3 e3 48. Qc8 exf2+ 49. Kxf2 Ne8 50. Nxf5 Rxf5+ 51. Kg2 Re5 52. Qc4 Re3 53. Rd7 Qf5 54. Re7 d5 55. Qc5 Rxe7 56. Qxe7 Nf6 57. Qe3 Qe4+ 58. Qxe4+ dxe4 59. b6 Nd7 60. b7 Kg6 61. Kf2 Kf6 62. Ke3 Ke5 63. h4 Nb8 64. Bf1 Kd5 65. Bg2 Ke5 66. h5 Nd7 67. g4 Kf6 68. Kxe4 1-0

[Event "GER-ch 2012-A-F serv"]
[Site "GER email"]
[Date "2013.??.??"]
[Round "?"]
[White "Fischer, Detlev"]
[Black "Schueler, Wolfgang"]
[Result "1-0"]
[WhiteElo "2081"]
[BlackElo "2171"]
[PlyCount "55"]
[EventDate "2012.04.08"]
[EventType "tourn (corr)"]
[EventRounds "10"]
[EventCountry "GER"]
[SourceTitle "Corr 2015"]
[Source "ChessBase"]
[SourceDate "2015.07.17"]
[SourceVersion "1"]
[SourceVersionDate "2015.07.17"]
[SourceQuality "1"]

1. d4 d5 2. c4 e6 3. Nf3 Nf6 4. Nc3 Be7 5. Bf4 0-0 6. e3 Nbd7 7. Qc2 Nh5 8. Be5 c6 9. Be2 Nxe5 10. dxe5 g6 11. h4 Ng7 12. 0-0-0 b5 13. cxb5 cxb5 14. Bxb5 Bb7 15. h5 Rc8 16. hxg6 fxg6 17. Rxh7 Kxh7 18. Rh1+ Kg8 19. Qxg6 Rxc3+ 20. bxc3 Qa5 21. Rh7 Qxc3+ 22. Kd1 Qa1+ 23. Ke2 Qxa2+ 24. Nd2 Rxf2+ 25. Kxf2 Qxd2+ 26. Be2 Bf8 27. Qh6 Kf7 28. Qh5+ 1-0

[Event "GER-ch 2012-D-V2Ma serv"]
[Site "GER email"]
[Date "2012.08.13"]
[Round "?"]
[White "Schueler, Wolfgang"]
[Black "Heineccius, August"]
[Result "1-0"]
[WhiteElo "2190"]
[BlackElo "1363"]
[PlyCount "41"]
[EventDate "2012.08.13"]
[EventType "tourn (corr)"]
[EventRounds "6"]
[EventCountry "GER"]
[SourceTitle "Corr 2015"]
[Source "ChessBase"]
[SourceDate "2015.07.17"]
[SourceVersion "1"]
[SourceVersionDate "2015.07.17"]
[SourceQuality "1"]

1. e4 e5 2. Nf3 d6 3. d4 Nc6 4. d5 Nce7 5. c4 c5 6. Nc3 h6 7. b4 cxb4 8. Qa4+ Bd7 9. Qxb4 Bc8 10. c5 Ng6 11. Qa4+ Bd7 12. c6 bxc6 13. dxc6 Bc8 14. c7+ Qd7 15. Bb5 Ke7 16. Nd5+ Ke6 17. Bxd7+ Bxd7 18. Qb3 Be8 19. Nd4+ exd4 20. Qh3+ Ke5 21. Qf5# 1-0

[Event "GER-ch 2012-A-F serv"]
[Site "GER email"]
[Date "2012.??.??"]
[Round "?"]
[White "Schueler, Wolfgang"]
[Black "Bars, Joachim"]
[Result "1/2-1/2"]
[WhiteElo "2190"]
[BlackElo "2142"]
[PlyCount "67"]
[EventDate "2012.04.08"]
[EventType "tourn (corr)"]
[EventRounds "10"]
[EventCountry "GER"]
[SourceTitle "Corr 2015"]
[Source "ChessBase"]
[SourceDate "2015.07.17"]
[SourceVersion "1"]
[SourceVersionDate "2015.07.17"]
[SourceQuality "1"]

1. e4 c5 2. Nc3 Nc6 3. Nf3 g6 4. d4 cxd4 5. Nxd4 Bg7 6. Be3 Nf6 7. Bc4 0-0 8. Bb3 d6 9. f3 Bd7 10. Qd2 Nxd4 11. Bxd4 b5 12. h4 a5 13. h5 a4 14. Bd5 b4 15. Bxf6 exf6 16. Ne2 Rc8 17. 0-0-0 f5 18. hxg6 hxg6 19. Nd4 b3 20. axb3 axb3 21. c3 Re8 22. exf5 Bxf5 23. Nxb3 Re5 24. Rde1 Qb6 25. Rxe5 dxe5 26. g4 Be6 27. Bxe6 Qxe6 28. Kc2 Qb6 29. Qd5 Rd8 30. Qc5 Qb7 31. Nd2 Qd7 32. Qe3 e4 33. Nxe4 Qa4+ 34. Kb1 1/2-1/2

[Event "GER-ch 2012-A-V2 serv"]
[Site "GER email"]
[Date "2012.??.??"]
[Round "?"]
[White "Schueler, Wolfgang"]
[Black "Ryseck, Werner"]
[Result "1-0"]
[WhiteElo "2190"]
[BlackElo "1933"]
[PlyCount "95"]
[EventDate "2012.03.19"]
[EventType "tourn (corr)"]
[EventRounds "6"]
[EventCountry "GER"]
[SourceTitle "Corr 2015"]
[Source "ChessBase"]
[SourceDate "2015.07.17"]
[SourceVersion "1"]
[SourceVersionDate "2015.07.17"]
[SourceQuality "1"]

1. e4 e6 2. d4 d5 3. Nd2 c5 4. Ngf3 Nf6 5. e5 Nfd7 6. c3 b6 7. Bd3 Ba6 8. Bxa6 Nxa6 9. 0-0 Be7 10. Ne1 0-0 11. Qg4 f5 12. Qg3 cxd4 13. cxd4 Rf7 14. Ndf3 Qe8 15. Nd3 Nf8 16. Bd2 Rc8 17. a3 Bd8 18. Qf4 Ng6 19. Qe3 Rfc7 20. g3 Be7 21. Kg2 Nb8 22. h4 Nf8 23. Rh1 Nc6 24. Nf4 Nd8 25. Qd3 Ng6 26. Ne2 Nh8 27. Bb4 Bxb4 28. axb4 Nc6 29. Qa3 Nf7 30. Rhc1 Ncd8 31. Rc3 Rxc3 32. bxc3 Rc7 33. Qa6 Nc6 34. Nf4 Nb8 35. Qa4 b5 36. Qa5 Rb7 37. Ne1 Nd8 38. Ned3 Re7 39. h5 Nf7 40. h6 gxh6 41. Nh5 Qc6 42. Nf6+ Kg7 43. Nc5 a6 44. Rh1 Ra7 45. g4 fxg4 46. Rh4 h5 47. Nxh5+ Kf8 48. Nf4 1-0

[Event "GER-ch 2012-A-V2 serv"]
[Site "GER email"]
[Date "2012.??.??"]
[Round "?"]
[White "Winkler, Uwe"]
[Black "Schueler, Wolfgang"]
[Result "1/2-1/2"]
[WhiteElo "2063"]
[BlackElo "2190"]
[PlyCount "72"]
[EventDate "2012.03.19"]
[EventType "tourn (corr)"]
[EventRounds "6"]
[EventCountry "GER"]
[SourceTitle "Corr 2015"]
[Source "ChessBase"]
[SourceDate "2015.07.17"]
[SourceVersion "1"]
[SourceVersionDate "2015.07.17"]
[SourceQuality "1"]

1. e4 e5 2. Nf3 Nc6 3. Bb5 a6 4. Ba4 Nf6 5. 0-0 Be7 6. Re1 b5 7. Bb3 d6 8. c3 0-0 9. h3 Na5 10. Bc2 c5 11. d4 Qc7 12. Nbd2 cxd4 13. cxd4 Re8 14. Nf1 exd4 15. Nxd4 Bb7 16. Bf4 g6 17. Nd2 Nh5 18. Be3 d5 19. exd5 Bxd5 20. Rc1 Qb7 21. Qg4 Nf6 22. Qg3 Nh5 23. Qg4 Ng7 24. Be4 Bxe4 25. Qxe4 Qxe4 26. Nxe4 Nc4 27. b3 Nxe3 28. Rxe3 Rac8 29. Rc6 Red8 30. Rxc8 Rxc8 31. Rc3 Rxc3 32. Nxc3 Bf6 33. Nce2 Kf8 34. Nc6 Ne6 35. f4 Ke8 36. Kf2 Nc7 1/2-1/2

[Event "Berlin-ch Seniors op 27th"]
[Site "Berlin"]
[Date "2011.02.06"]
[Round "9"]
[White "Hiller, Bernd"]
[Black "Schueler, Wolfgang"]
[Result "1-0"]
[WhiteElo "1840"]
[BlackElo "1762"]
[PlyCount "151"]
[EventDate "2011.01.29"]
[EventType "swiss"]
[EventRounds "9"]
[EventCountry "GER"]
[SourceTitle "EXT 2012"]
[Source "ChessBase"]
[SourceDate "2011.11.24"]
[SourceVersion "1"]
[SourceVersionDate "2011.11.24"]
[SourceQuality "1"]

1. e4 e5 2. f4 exf4 3. Nf3 d6 4. d4 g5 5. Bc4 h6 6. 0-0 Bg7 7. c3 Ne7 8. Qb3 0-0 9. g3 fxg3 10. hxg3 Ng6 11. Be3 Nc6 12. Nh2 Qe7 13. Qc2 a6 14. b4 Nd8 15. Nd2 Be6 16. Bd3 Qe8 17. Rae1 Ne7 18. Rf2 b5 19. Ndf3 a5 20. a3 axb4 21. axb4 Ra2 22. Qd1 Rxf2 23. Bxf2 c6 24. Nd2 Ng6 25. Qe2 Qd7 26. Qh5 Ne7 27. Be3 f5 28. Rf1 d5 29. e5 Qe8 30. Qxe8 Rxe8 31. Ra1 Bc8 32. Ra7 Ne6 33. Nb3 Kf8 34. Be2 g4 35. Bd3 Rd8 36. Na5 Rd7 37. Ra8 Rc7 38. Nf1 Kf7 39. Bd2 Ng5 40. Bxg5 hxg5 41. Nd2 f4 42. Ndb3 Bf5 43. Nc5 Bxd3 44. Nxd3 Bh6 45. Nc5 Nf5 46. Na6 Re7 47. Nxc6 Nxg3 48. Nxe7 Kxe7 49. Nc5 Ne2+ 50. Kf2 Nxc3 51. Ra7+ Ke8 52. Ne6 Ne4+ 53. Kg1 f3 54. Nc7+ Kf8 55. Nxd5 g3 56. Ne3 g4 57. Nxg4 f2+ 58. Kg2 Nd2 59. Ra1 Bf4 60. d5 Nc4 61. e6 Bd6 62. Ra7 Bxb4 63. Rf7+ Ke8 64. Kxg3 Nd6 65. Nf6+ Kd8 66. Rd7+ Kc8 67. Kxf2 Nf5 68. Kf3 Bc5 69. Ne4 Ba3 70. Ke2 Bb4 71. Kd3 Ba3 72. Rf7 Nd6 73. Nxd6+ Bxd6 74. Kd4 b4 75. Kc4 Bc5 76. Kxc5 1-0

[Event "GER-ch65 V03 email"]
[Site "GER email"]
[Date "2011.??.??"]
[Round "?"]
[White "Lelgemann, Ludwig"]
[Black "Schueler, Wolfgang"]
[Result "1/2-1/2"]
[WhiteElo "2075"]
[BlackElo "2190"]
[PlyCount "68"]
[EventDate "2011.08.08"]
[EventType "tourn (corr)"]
[EventRounds "6"]
[EventCountry "GER"]
[SourceTitle "Corr 2015"]
[Source "ChessBase"]
[SourceDate "2015.07.17"]
[SourceVersion "1"]
[SourceVersionDate "2015.07.17"]
[SourceQuality "1"]

1. d4 d5 2. c4 c6 3. Nf3 Nf6 4. e3 Bf5 5. Nc3 e6 6. Nh4 Bg6 7. Nxg6 hxg6 8. Bd2 Qc7 9. g3 Nbd7 10. c5 Be7 11. b4 b6 12. Be2 e5 13. 0-0 Qc8 14. h4 0-0 15. Qc2 Re8 16. Rab1 a5 17. a3 Bd8 18. Rfe1 b5 19. Kg2 Bc7 20. Nxb5 cxb5 21. Bxb5 axb4 22. axb4 Ng4 23. Bc6 Ndf6 24. Bxe8 Nxf2 25. Kxf2 Qh3 26. Ke2 Rxe8 27. Kd1 Ne4 28. Rb3 Ra8 29. Kc1 exd4 30. exd4 Bxg3 31. Rd1 Nf2 32. Rg1 Ra1+ 33. Rb1 Ra3 34. Rb3 Ra1+ 1/2-1/2

[Event "GER-ch42 V02 email"]
[Site "GER email"]
[Date "2011.??.??"]
[Round "?"]
[White "Von Rein, Guenter"]
[Black "Schueler, Wolfgang"]
[Result "1/2-1/2"]
[WhiteElo "2232"]
[BlackElo "2190"]
[PlyCount "131"]
[EventDate "2010.??.??"]
[EventType "tourn (corr)"]
[EventRounds "12"]
[EventCountry "GER"]
[SourceTitle "Corr 2015"]
[Source "ChessBase"]
[SourceDate "2015.07.17"]
[SourceVersion "1"]
[SourceVersionDate "2015.07.17"]
[SourceQuality "1"]

1. d4 d5 2. c4 c6 3. Nc3 Nf6 4. Nf3 e6 5. Bg5 Nbd7 6. e3 Qa5 7. cxd5 Nxd5 8. Qd2 N7b6 9. Bd3 Nxc3 10. bxc3 Na4 11. 0-0 Qxc3 12. Qe2 Qb2 13. Bc2 Nc3 14. Qd3 f6 15. Bh4 Nd5 16. Rfb1 Qc3 17. Qd1 Be7 18. Rb3 Qa5 19. e4 Nb4 20. Qd2 b6 21. Bd1 c5 22. e5 Nd5 23. Qxa5 bxa5 24. Rc1 Bd7 25. dxc5 Rc8 26. exf6 gxf6 27. c6 Bxc6 28. Nd4 Bd7 29. Rxc8+ Bxc8 30. Nc6 Bc5 31. Nxa5 Kf7 32. Nc6 Bb6 33. Rf3 Bb7 34. Ne5+ Ke7 35. Rg3 Rc8 36. Rg7+ Kd6 37. Nf7+ Kc5 38. h3 Kb4 39. Kh2 Rc1 40. Bf3 a5 41. Rxh7 Ka3 42. Rh8 Bc7+ 43. Bg3 Kxa2 44. Bxc7 Rxc7 45. Nd8 Rc8 46. h4 a4 47. Rh7 Rxd8 48. Rxb7 Rh8 49. h5 a3 50. g4 Nc3 51. Rb6 e5 52. Kg3 Ka1 53. Rxf6 e4 54. Bg2 Kb2 55. Rb6+ Kc2 56. Ra6 Kb3 57. h6 a2 58. Rxa2 Kxa2 59. g5 Kb3 60. Kg4 Kc4 61. Kh5 Kd4 62. g6 Nd5 63. g7 Nf4+ 64. Kg5 Ne6+ 65. Kg6 Rxh6+ 66. Kxh6 1/2-1/2

[Event "Berlin Lichtenberger op 9th"]
[Site "Berlin"]
[Date "2010.08.11"]
[Round "5"]
[White "Schmitt, Jens Ole"]
[Black "Schueler, Wolfgang"]
[Result "0-1"]
[WhiteElo "1339"]
[BlackElo "1982"]
[PlyCount "74"]
[EventDate "2010.08.07"]
[EventType "swiss"]
[EventRounds "9"]
[EventCountry "GER"]
[SourceTitle "CBM 137 Extra"]
[Source "ChessBase"]
[SourceDate "2010.09.01"]
[SourceVersion "1"]
[SourceVersionDate "2010.09.01"]
[SourceQuality "1"]

1. e4 e5 2. Nf3 Nc6 3. Bb5 a6 4. Ba4 Nf6 5. 0-0 Be7 6. Re1 b5 7. Bb3 0-0 8. a4 b4 9. d3 d6 10. h3 Na5 11. Ba2 c5 12. Nbd2 Nc6 13. Nf1 Be6 14. Bxe6 fxe6 15. Ne3 Nd4 16. Nd2 Qd7 17. Nec4 Rab8 18. c3 Nc6 19. Nf3 Bd8 20. Bg5 Bc7 21. Bxf6 Rxf6 22. Qd2 Na5 23. Qd1 Nxc4 24. dxc4 Qf7 25. Ng5 Qg6 26. Nf3 bxc3 27. bxc3 Rb2 28. Rb1 Rxb1 29. Qxb1 Rxf3 30. Qb7 Ba5 31. Qc8+ Rf8 32. Qxa6 Bxc3 33. Rd1 Bd4 34. Qxd6 Rxf2 35. Qd8+ Rf8+ 36. Rxd4 exd4 37. Qd6 Qxe4 0-1

[Event "Berlin Lichtenberger op 9th"]
[Site "Berlin"]
[Date "2010.08.11"]
[Round "6"]
[White "Schueler, Wolfgang"]
[Black "Arpaci, Enis"]
[Result "1-0"]
[WhiteElo "1982"]
[BlackElo "1400"]
[PlyCount "115"]
[EventDate "2010.08.07"]
[EventType "swiss"]
[EventRounds "9"]
[EventCountry "GER"]
[SourceTitle "CBM 137 Extra"]
[Source "ChessBase"]
[SourceDate "2010.09.01"]
[SourceVersion "1"]
[SourceVersionDate "2010.09.01"]
[SourceQuality "1"]

1. e4 g6 2. d4 d6 3. Be3 Bg7 4. Nc3 Nf6 5. f3 0-0 6. Qd2 Re8 7. 0-0-0 b6 8. g4 Ba6 9. h4 Bxf1 10. Rxf1 c5 11. d5 e6 12. Bg5 Na6 13. h5 Nc7 14. hxg6 fxg6 15. Nge2 exd5 16. exd5 Qd7 17. Nf4 Re5 18. Bxf6 Bxf6 19. Ne4 Qe7 20. c4 Bg5 21. Nxg5 Qxg5 22. Nd3 Re3 23. f4 Qe7 24. Re1 Rxe1+ 25. Rxe1 Qh4 26. g5 h6 27. Re7 Rc8 28. b3 Qh1+ 29. Kb2 h5 30. Qe2 Kf8 31. Re6 Nxe6 32. Qxe6 Re8 33. Qf6+ Kg8 34. Qxg6+ Kf8 35. Qxd6+ Kg8 36. Qg6+ Kf8 37. Qf6+ Kg8 38. Ne5 Qg2+ 39. Ka3 Rxe5 40. Qxe5 Qd2 41. Qe6+ Kf8 42. Qf5+ Kg8 43. g6 Qb4+ 44. Kb2 Qd2+ 45. Qc2 Qxf4 46. Qd3 Kg7 47. d6 Qf6+ 48. Ka3 Qd8 49. d7 h4 50. Qd6 h3 51. Qe6 h2 52. Qf7+ Kh6 53. Qh7+ Kg5 54. g7 Kf6 55. g8Q Qxg8 56. Qxg8 h1Q 57. d8Q+ Kf5 58. Qdd5+ 1-0

[Event "Berlin Lichtenberger op 9th"]
[Site "Berlin"]
[Date "2010.08.09"]
[Round "3"]
[White "Schueler, Wolfgang"]
[Black "Plump, Detlef"]
[Result "0-1"]
[WhiteElo "1982"]
[BlackElo "2258"]
[PlyCount "122"]
[EventDate "2010.08.07"]
[EventType "swiss"]
[EventRounds "9"]
[EventCountry "GER"]
[SourceTitle "CBM 137 Extra"]
[Source "ChessBase"]
[SourceDate "2010.09.01"]
[SourceVersion "1"]
[SourceVersionDate "2010.09.01"]
[SourceQuality "1"]

1. e4 c5 2. Nc3 e6 3. Nf3 a6 4. d4 cxd4 5. Nxd4 Qc7 6. Be2 b5 7. Bf3 Bb7 8. 0-0 d6 9. a3 Nd7 10. Nde2 Ne5 11. Ng3 Nf6 12. Bf4 Be7 13. Bxe5 dxe5 14. Rc1 Bxa3 15. bxa3 Qxc3 16. Qd3 Rc8 17. Be2 0-0 18. Rfd1 h6 19. f3 Rc7 20. Qxc3 Rxc3 21. Rd3 Rfc8 22. Rxc3 Rxc3 23. a4 bxa4 24. Rb1 a3 25. Ra1 Rxc2 26. Rxa3 Rc6 27. Kf2 Ne8 28. Nf1 Nd6 29. Nd2 Kf8 30. Ra5 f6 31. Nb3 Bc8 32. Ke1 Ke7 33. Kd2 Kd8 34. Ra2 Nb5 35. Bxb5 axb5 36. Ra5 Ba6 37. Nc1 Kc7 38. Nd3 Kb6 39. Ra2 Rc4 40. Rb2 Bb7 41. Rb3 Ra4 42. Kc3 Ra2 43. Rb2 Ra8 44. Kb4 Ra4+ 45. Kb3 Bc6 46. Rc2 Rd4 47. Nc5 Rd6 48. Kb4 f5 49. Kb3 g5 50. h3 fxe4 51. fxe4 Rd4 52. Nxe6 Rxe4 53. Nc5 Re3+ 54. Kb4 Rg3 55. Re2 Rxg2 56. Nd7+ Kc7 57. Rxg2 Bxg2 58. Nxe5 Bxh3 59. Kxb5 Kd6 60. Nf7+ Ke7 61. Nxh6 Kf8 0-1

[Event "Berlin-ch Seniors op 26th"]
[Site "Berlin"]
[Date "2010.02.14"]
[Round "6"]
[White "Hesselbarth, Karlheinz"]
[Black "Schueler, Wolfgang"]
[Result "1/2-1/2"]
[WhiteElo "1643"]
[BlackElo "1825"]
[PlyCount "58"]
[EventDate "2010.02.09"]
[EventType "swiss"]
[EventRounds "9"]
[EventCountry "GER"]
[SourceTitle "EXT 2012"]
[Source "ChessBase"]
[SourceDate "2011.11.24"]
[SourceVersion "1"]
[SourceVersionDate "2011.11.24"]
[SourceQuality "1"]

1. d4 d5 2. Nf3 Nf6 3. Bf4 e6 4. e3 Bd6 5. Ne5 Nbd7 6. Nd2 0-0 7. Bd3 Ne8 8. Qh5 g6 9. Qh3 Nxe5 10. dxe5 Be7 11. 0-0 f5 12. Bh6 Ng7 13. f4 c5 14. c3 Qa5 15. Rf2 b5 16. Nf3 b4 17. Ng5 Bxg5 18. cxb4 Qxb4 19. Bxg5 c4 20. Bf1 a5 21. Bh4 a4 22. a3 Qc5 23. Rc2 Rb8 24. Be1 Rf7 25. Bb4 Qa7 26. Re1 Ne8 27. Qh4 Bb7 28. Qf2 Nc7 29. Qd2 Nb5 1/2-1/2